000 00329nam a2200133Ia 4500
008 240624s9999 xx 000 0 und d
041 _aeng
082 _a338.79154 PAN
100 _aPANDA TAPAN K
245 _aTOURISM INDUSTRY IN INDIA
260 _c2003
_aNew Delhi
_bExcel Books
300 _axi, : 273 : cm. ; 22
365 _cRS
999 _c2427
_d2427